Normal view MARC view
  • Hurtado Mazeyra, Alejandra

Entry Nombre Personal

Number of records used in: 2

001 - NUMERO DE CONTROL

  • campo de control: 49095

003 - IDENTIFICADOR DE NUMERO DE CONTROL

  • campo de control: UPN

005 - FECHA Y HORA DE LA ÜLTIMA TRANSACCIÓN

  • campo de control: 20230530133230.0

008 - DATOS DE LONGITUD FIJA

  • campo de control de longitud fija: 230530|| acn||aabn | a|a d

024 ## - OTROS IDENTIFICADORES NORMALIZADOS

  • Número normalizado o código: https://orcid.org/0000-0002-0113-1673

040 ## - FUENTE DE CATALOGACIÓN

  • Agencia original de catalogación: MX-MxUPN

100 ## - ENCABEZAMIENTO - NOMBRE PERSONAL

  • Nombre personal: Hurtado Mazeyra, Alejandra

370 ## - LUGAR ASOCIADO

  • Associated country: Perú

371 ## - DIRECCIÓN

  • Electronic mail address: ahurtadomaz@unsa.edu.pe

373 ## - GRUPO ASOCIADO

  • Associated group: Universidad Nacional de San Agustín de Arequipa.

374 ## - OCUPACIÓN

  • Occupation: Profesora - investigadora universitaria

670 ## - FUENTE EN LA QUE SE LOCALIZARON DATOS

  • Cita de la fuente: En recurso en línea: RED: revista de educación a distancia
  • Información localizada: (Alejandra Hurtado-Mazeyra)
  • Uniform Resource Identifier: https://revistas.um.es/red/article/view/536641/330581

902 ## - CATALOGADOR

  • Catalogador: Leonor Sotres/300523